000 nam a22 a 4500
999 _c786
_d786
003 AKMAL
005 20170505110857.0
008 170505s2010 my | e l 000 0 may d
020 _a9677011693 (kkt.) :
_cRM25.00
040 _aAKMAL
082 0 4 _a343.5950553 MAL
_222
090 0 0 _a343.5950553
_bMAL
110 1 _aMalaysia
_9400
245 1 0 _aAkta Eksais dan Peraturan-peraturan (Akta 176) :
_b(semua pindaan hingga Januari, 2010 ) /
_cdisusun semula oleh : Penasihat Undang-Undang MDC
250 _aEd. 2010
260 _aKuala Lumpur :
_bMDC Publishers,
_c2010
300 _aviii, 194ms. ;
_c26cm.
490 1 _aUndang-undang Malaysia
650 1 0 _aExcise tax
_xLaw and legislation
_zMalaysia
_9623
650 2 0 _aTariff on liquors
_91636
710 2 _aPenasihat Undang-Undang MDC
_9405
830 0 _aUNDANG-UNDANG MALAYSIA
_91710
942 _2ddc
_cBOOK
950 _lAKMAL